Statistics for Name every episode of charmed 1998-2006

Click here to take the quiz!

General Stats

  • This quiz has been taken 35 times
    (17 since last reset)
  • The average score is 42 of 176

Answer Stats

SeasonAnswer% Correct
1Something Wicca This Way Comes
83%
1I've Got You Under My Skin
67%
3All Hell Breaks Loose
58%
4Charmed Again
58%
1Dead Man Dating
58%
1Thank You for Not Morphing
58%
1The Fourth Sister
58%
1The Wedding from Hell
58%
1Wicca Envy
58%
3All Halliwell's Eve
50%
1Déjà Vu All Over Again
50%
1Dream Sorcerer
50%
1From Fear to Eternity
50%
3Look Who's Barking
50%
2P3 H2O
50%
3Sight Unseen
50%
1That '70s Episode
50%
3The Honeymoon's Over
50%
1The Wendigo
50%
1The Witch Is Back
50%
4A Knight to Remember
42%
3Blinded by the Whitelighter
42%
3Bride and Gloom
42%
3Coyote Piper
42%
3Exit Strategy
42%
1Feats of Clay
42%
1Is There a Woogy in the House
42%
3Just Harried
42%
3Magic Hour
42%
2Murphy's Luck
42%
2She's a Man Baby a Man
42%
3Sin Francisco
42%
3Sleuthing with the Enemy
42%
3The Demon Who Came in from the Cold
42%
1The Power of Two
42%
4The Three Faces of Phoebe
42%
1The Truth Is Out There and It Hurts
42%
3We All Scream for Ice Cream
42%
1Which Prue Is It, Anyway
42%
3Wrestling with Demons
42%
2Animal Pragmatism
33%
4A Paige from the Past
33%
2Awakened
33%
5A Witch's Tail
33%
2Be Careful What You Witch For
33%
6Chris-Crossed
33%
2Ex Libris
33%
4Hell Hath No Fury
33%
2How to Make a Quilt Out of Americans
33%
1Love Hurts
33%
2Morality Bites
33%
2Ms. Hellfire
33%
3Once Upon a Time
33%
1Out of Sight
33%
2Pardon My Past
33%
3Power Outage
33%
3Primrose Empath
33%
1Secrets and Guys
33%
4Size Matters
33%
7Something Wicca This Way Goes
33%
2That Old Black Magic
33%
4The Fifth Halliwell
33%
3The Good The Bad and The Cursed
33%
2The Painted World
33%
4Trial by Magic
33%
2Witch Trial
33%
4Womb Raider
33%
2Apocalypse Not
25%
2Astral Monkey
25%
4Bite Me
25%
4Black as Cole
25%
4Brain Drain
25%
5Cat House
25%
4Charmed and Dangerous
25%
2Chick Flick
25%
3Death Takes a Halliwell
25%
4Enter the Demon
25%
2Give Me A Sign
25%
2Heartbreak City
25%
4Long Live the Queen
25%
5Lucky Charmed
25%
4Marry-Go-Round
25%
4Muse to My Ears
25%
5Oh My Goddess"
25%
3Pre-Witched
25%
2Reckless Abandon
25%
5Sand Francisco Dreamin
25%
4Saving Private Leo
25%
5Siren Song
25%
5The Day the Magic Died
25%
2The Devil's Music
25%
2They're Everywhere
25%
1 (Never aired)Unaired Pilot
25%
1When Bad Warlocks Go Good
25%
6Witchstock
25%
5A Witch in Time
17%
5Baby's First Demon
17%
8Battle of the Hexes
17%
5Centennial Charmed
17%
7Charmed Noir
17%
7Charrrmed
17%
8Forever Charmed
17%
5Happily Ever After
17%
5House Call
17%
6Hyde School Reunion
17%
6It's a Bad, Bad, Bad, Bad World"
17%
6Little Monsters
17%
4Lost and Bound
17%
5Necromancing the Stone
17%
5Nymphs Just Want to Have Fun
17%
5Sense and Sense Ability"
17%
6Soul Survivor
17%
6Sword and the City
17%
5Sympathy for the Demon
17%
6The Courtship of Wyatt's Father
17%
5The Eyes Have It
17%
6The Legend of Sleepy Halliwell
17%
6Valhalley of the Dolls
17%
4We're Off to See the Wizard
17%
5Witches in Tights
17%
4Witch Way Now
17%
6A Wrong Day's Journey Into Right
8%
7Charmageddon
8%
7Cheaper by the Coven
8%
6Crimes and Witch Demeanors
8%
6Forget Me... Not
8%
7Freaky Phoebe
8%
8Hulkus Pocus
8%
6I Dream of Phoebe
8%
8Kill Billie Vol. 1
8%
8Kill Billie Vol. 2
8%
6Love's a Witch
8%
6My Three Witches
8%
6Prince Charmed
8%
8Repo Manor
8%
8Run Piper Run
8%
5Sam, I Am
8%
7Scry Hard
8%
6Spin City
8%
8Still Charmed & Kicking
8%
7The Bare Witch Project
8%
5The Importance of Being Phoebe
8%
8The Last Temptation of Christy
8%
6The Power of Three Blondes
8%
7There's Something About Leo
8%
SpecialThe Women of Charmed
8%
6Used Karma
8%
8Vaya Con Leos
8%
6Witch Wars"
8%
5Y Tu Mummy También
8%
812 Angry Zen
0%
7A Call to Arms
0%
7Carpe Demon
0%
SpecialCharmed: Behind the Magic
0%
7Death Becomes Them
0%
8Desperate Housewitches
0%
8Engaged and Confused
0%
7Extreme Makeover: World Edition
0%
8Generation Hex
0%
8Gone with the Witches
0%
7Imaginary Fiends
0%
7Little Box of Horrors
0%
8Malice in Wonderland
0%
8Mr. & Mrs. Witch
0%
7Once in a Blue Moon
0%
7Ordinary Witches
0%
8Payback's a Witch
0%
8Rewitched
0%
7Show Ghouls
0%
7Someone to Witch Over Me
0%
7Styx Feet Under
0%
8The Jung and the Restless
0%
8The Lost Picture Show
0%
7The Seven Year Witch
0%
8The Torn Identity
0%
7Witchness Protection
0%

Score Distribution

Percentile by Number Answered

Percent of People with Each Score

Your Score History

You have not taken this quiz since the last reset